| 000 | 01382nam a2200361 a 4500 | ||
|---|---|---|---|
| 001 | ebr10460676 | ||
| 003 | CaPaEBR | ||
| 006 | m u | ||
| 007 | cr cn||||||||| | ||
| 008 | 020410s2001 enk sb 000 0 eng d | ||
| 010 | _z 2002615550 | ||
| 020 | _z0192839756 | ||
| 020 | _z9780192839756 | ||
| 020 | _z9780191583155 (e-book) | ||
| 040 |
_aCaPaEBR _cCaPaEBR |
||
| 035 | _a(OCoLC)68186097 | ||
| 043 | _ae-uk-en | ||
| 050 | 1 | 4 |
_aKD4025 _b.B44 2001eb |
| 082 | 0 | 4 |
_a342.4202 _222 |
| 100 | 1 |
_aBagehot, Walter, _d1826-1877. |
|
| 245 | 1 | 4 |
_aThe English constitution _h[electronic resource] / _cWalter Bagehot ; edited with an introduction and notes by Miles Taylor. |
| 260 |
_aOxford ; _aNew York : _bOxford University Press, _c2001. |
||
| 300 | _axxxiv, 219 p. | ||
| 490 | 1 | _aOxford world's classics | |
| 504 | _aIncludes bibliographical references. | ||
| 533 |
_aElectronic reproduction. _bPalo Alto, Calif. : _cebrary, _d2013. _nAvailable via World Wide Web. _nAccess may be limited to ebrary affiliated libraries. |
||
| 650 | 0 |
_aConstitutional law _zEngland. |
|
| 655 | 7 |
_aElectronic books. _2local |
|
| 700 | 1 | _aTaylor, Miles. | |
| 710 | 2 | _aebrary, Inc. | |
| 830 | 0 | _aOxford world's classics (Oxford University Press) | |
| 856 | 4 | 0 |
_uhttp://site.ebrary.com/lib/rucke/Doc?id=10460676 _zAn electronic book accessible through the World Wide Web; click to view |
| 999 |
_c228447 _d228447 |
||